Thực hành đàm thoại tiếng Anh giọng Mỹ /

Сохранить в:
Библиографические подробности
Другие авторы: Lê Huy Lâm (dịch.), Phạm Văn Thuận (dịch.)
Формат:
Язык:English
Vietnamese
Опубликовано: Tp.HCM : Nxb Tp.HCM, 2003.
Предметы:
Метки: Добавить метку
Нет меток, Требуется 1-ая метка записи!
Thư viện lưu trữ: Mạng thư viện Đại học Đà Nẵng
LEADER 01093nam a2200325 a 4500
001 000041419
003 15809
005 20190725103419.0
008 171030s2003
020 |c 88000 
040 |a LNN  |c LNN  |d LNN 
041 0 |a eng  |a vie 
082 1 4 |a 428  |b Th-H 
245 0 0 |a Thực hành đàm thoại tiếng Anh giọng Mỹ /  |c Lê Huy Lâm, Phạm Văn Thuận biên dịch. 
260 |a Tp.HCM :  |b Nxb Tp.HCM,  |c 2003. 
300 |a 640p. ;  |c 20,5cm. 
630 0 4 |a Anh ngữ. 
650 0 4 |a English language  |v Textbooks for foreign speakers. 
650 0 4 |a English language. 
700 1 |a Lê Huy Lâm,  |e dịch. 
700 1 |a Phạm Văn Thuận,  |e dịch. 
OWN |a LNN 
AVA |a UDN50  |b LNN  |c English  |e available  |t Error 5001 Not defined in file expand_doc_bib_avail.  |f 2  |g 0  |h N  |i 0  |j AN  |k 1 
999 |a From the UDN01 
AVA |a UDN50  |b LNN  |c English  |e available  |t Error 5001 Not defined in file expand_doc_bib_avail.  |f 2  |g 0  |h N  |i 0  |j AN  |k 1 
TYP |a Monograph 
TYP |a Printed language 
980 |a Mạng thư viện Đại học Đà Nẵng